[Event "Bugojno"]
[Site "Bugojno"]
[Date "1982.??.??"]
[Round "?"]
[White "Spassky, Boris V"]
[Black "Gligoric, Svetozar"]
[Result "1-0"]
[WhiteElo "2605"]
[BlackElo "2510"]

1.e4 e5 2.Nf3 Nc6 3.Bb5 a6 4.Ba4 Nf6 5.O-O Be7 6.Re1 b5 7.Bb3 d6 8.c3 O-O
9.h3 Bb7 10.d4 Re8 11.Nbd2 Bf8 12.Bc2 g6 13.a4 Bg7 14.d5 Nb8 15.Bd3 bxa4
16.Qxa4 c6 17.c4 Qc7 18.Nb3 Nbd7 19.Bd2 Reb8 20.Qa3 Ne8 21.dxc6 Bxc6 22.Na5 Nc5
23.b4 Nxd3 24.Qxd3 Bd7 25.Rac1 Rd8 26.Nh2 Nf6 27.Nf1 Nh5 28.Ne3 Nf4 29.Qa3 Rdc8
30.Nd5 Nxd5 31.exd5 f5 32.f4 Re8 33.Bc3 exf4 34.Bxg7 Kxg7 35.Qc3+ Kg8 36.c5 Bb5
37.Qd2 g5 38.Nb3 Qf7 39.cxd6 Re4 40.Nc5 Rae8 41.Ne6 R8xe6 42.dxe6 Qxe6 43.Rxe4 fxe4
44.Rc5 h6 45.Qd5  1-0

[Event "Bugojno"]
[Site "Bugojno"]
[Date "1982.??.??"]
[Round "?"]
[White "Huebner, Robert"]
[Black "Ljubojevic, Ljubomir"]
[Result "1/2-1/2"]
[WhiteElo "2620"]
[BlackElo "2645"]

1.Nf3 c5 2.c4 Nf6 3.Nc3 e6 4.g3 b6 5.Bg2 Bb7 6.O-O Be7 7.d4 cxd4 8.Qxd4 d6
9.Bg5 a6 10.Bxf6 Bxf6 11.Qd3 Be7 12.Rfd1 Nd7 13.Ne4 Bxe4 14.Qxe4 Rc8 15.Rac1 O-O
16.Nd4 Bf6 17.b3 Qc7 18.Rc2 Nb8 19.Rcd2 Rfe8 20.h4 Qc5 21.Qd3 h6 22.e3 Qa5
23.Qe2 Rc5 24.Rb1 Rc7 25.Be4 Qb4 26.Rbd1 Qa5 27.Bb1 Nd7 28.Qf3 Rec8 29.Qe4  1/2-1/2

[Event "Bugojno"]
[Site "Bugojno"]
[Date "1982.??.??"]
[Round "?"]
[White "Ivanovic, Bozidar"]
[Black "Kavalek, Lubomir"]
[Result "1/2-1/2"]
[WhiteElo "2480"]
[BlackElo "2560"]

1.e4 c6 2.d4 d5 3.Nd2 dxe4 4.Nxe4 Bf5 5.Ng3 Bg6 6.h4 h6 7.Nf3 Nd7 8.h5 Bh7
9.Bd3 Bxd3 10.Qxd3 Ngf6 11.Bd2 e6 12.O-O-O Be7 13.Ne4 Nxe4 14.Qxe4 Nf6 15.Qe2 Qd5
16.c4 Qe4 17.Rde1 Qxe2 18.Rxe2 O-O 19.Ne5 Rfd8 20.Bc3 Rac8 21.a4 b5 22.axb5 cxb5
23.cxb5 Rd5 24.Nc6 Bd6 25.Nxa7 Ra8 26.b6 Nxh5 27.Kc2 Rb8 28.Nc6 Rxb6 29.Ne5 Nf6
30.Ra1 Rb7 31.Ra6 g5 32.Ra8+ Rb8 33.Ra7 Bxe5 34.dxe5 Nd7 35.Re3 Rc8 36.Kb1 Rc4
37.g3 h5 38.Rb7 Nc5 39.Rc7 Ra4 40.Kc2 Nd7 41.Re1 Kg7 42.Rh1 Kg6 43.Rc8 Nxe5
44.Rg8+ Kf5 45.Rxh5 Nf3 46.Rf8 Ra7 47.Rh7 Rdd7 48.Rc8 Nd4+ 49.Kd3 Nb5+ 50.Ke2 Nxc3+
51.Rxc3 Rdb7 52.b3 Ra3 53.Rf3+ Kg6 54.Rh8 Kg7 55.Rh5 f6 56.Re3 e5 57.Rh1 Rbxb3
58.Rxb3 Rxb3 59.Ra1 Kg6 60.g4 Rb7 61.Kf3 Kf7 62.Ra6 Ke7 63.Ke3 Rb3+ 64.Ke2 Rb4
65.Kf3 Rd4 66.Rb6 Rd6 67.Rb4 Ke6 68.Ke4 Ra6 69.f3 Rc6 70.Ra4 Rb6 71.Rc4 Rb3
72.Ra4 Kf7 73.Ra7+ Kg6 74.Ra4 Rb8 75.Ke3 Rd8  1/2-1/2

[Event "Bugojno"]
[Site "Bugojno"]
[Date "1982.??.??"]
[Round "?"]
[White "Ivkov, Borislav"]
[Black "Andersson, Ulf"]
[Result "1/2-1/2"]
[WhiteElo "2475"]
[BlackElo "2635"]

1.d4 Nf6 2.c4 e6 3.Nf3 Bb4+ 4.Bd2 Qe7 5.g3 Bxd2+ 6.Qxd2 d5 7.Bg2 O-O 8.O-O dxc4
9.Na3 Rd8 10.Qc2 c5 11.dxc5 Qxc5 12.Rfd1 Nc6 13.Qxc4 Qxc4 14.Nxc4 Kf8 15.Nfe5 Rxd1+
16.Rxd1 Nxe5 17.Nxe5 Ke7 18.Rd3 Rb8 19.f4 Nd7 20.Ra3 Nxe5 21.fxe5 a6 22.Rc3 Kd8
23.Rf3 Ke8 24.Rc3 Kd8 25.Rc4 Bd7 26.Rg4 g6 27.Rh4 h5 28.Rc4 a5 29.Kf2 Rc8
30.Rxc8+ Bxc8 31.Ke3 b6 32.Kd4 Ba6 33.Bf3 Bb5 34.h4 Kd7 35.Kc3 Kc7 36.b3 Ba6
37.a3 Kd7  1/2-1/2

[Event "Bugojno"]
[Site "Bugojno"]
[Date "1982.??.??"]
[Round "?"]
[White "Ivkov, Borislav"]
[Black "Kavalek, Lubomir"]
[Result "1/2-1/2"]
[WhiteElo "2475"]
[BlackElo "2560"]

1.d4 Nf6 2.c4 g6 3.Nc3 Bg7 4.e4 d6 5.Nf3 O-O 6.h3 e5 7.dxe5 dxe5 8.Qxd8 Rxd8
9.Bg5 Nbd7 10.O-O-O Rf8 11.Be3 c6 12.Nd2 Re8 13.g4 Bf8 14.Na4 Nb6 15.Nc5 Nfd7
16.Ndb3 a5 17.Nxd7 Nxd7 18.a4 b6 19.Be2 Be7 20.Rd3 c5 21.g5 Nf8 22.Nd2  1/2-1/2

[Event "Bugojno"]
[Site "Bugojno"]
[Date "1982.??.??"]
[Round "?"]
[White "Polugaevsky, Lev"]
[Black "Ljubojevic, Ljubomir"]
[Result "1/2-1/2"]
[WhiteElo "2625"]
[BlackElo "2645"]

1.c4 e5 2.Nc3 Nc6 3.Nf3 f5 4.d4 e4 5.Ng5 Bb4 6.Nh3 Nf6 7.e3 Ne7 8.Nf4 c6
9.Bd2 Bxc3 10.Bxc3 d5 11.Bb4 Ng6 12.Nh5  1/2-1/2

[Event "Bugojno"]
[Site "Bugojno"]
[Date "1982.??.??"]
[Round "?"]
[White "Timman, Jan H"]
[Black "Spassky, Boris V"]
[Result "1/2-1/2"]
[WhiteElo "2605"]
[BlackElo "2605"]

1.d4 Nf6 2.c4 e6 3.Nf3 d5 4.Nc3 Be7 5.Bg5 h6 6.Bh4 O-O 7.e3 b6 8.Be2 Bb7
9.Bxf6 Bxf6 10.cxd5 exd5 11.O-O Nd7 12.Qb3 c6 13.Rfe1 Re8 14.e4 c5 15.Nxd5 cxd4
16.Nxf6+ Qxf6 17.Qa4 Nc5 18.Qxd4 Qxd4 19.Nxd4 Rxe4 20.Nb5 Bc6  1/2-1/2